<?xml version="1.0" encoding="UTF-8"?>
<marc:record xmlns:marc="http://www.loc.gov/MARC21/slim">
   <marc:leader>00000nam a2200000 a 4500</marc:leader>
   <marc:datafield ind1="1" ind2=" " tag="100">
      <marc:subfield code="a">Zeh, Juli</marc:subfield>
      <marc:subfield code="4">aut</marc:subfield>
      <marc:subfield code="e">Verfasser/-in</marc:subfield>
   </marc:datafield>
   <marc:datafield ind1=" " ind2=" " tag="653">
      <marc:subfield code="a">Firma</marc:subfield>
   </marc:datafield>
   <marc:datafield ind1=" " ind2=" " tag="653">
      <marc:subfield code="a">Geschäftspartner</marc:subfield>
   </marc:datafield>
   <marc:datafield ind1="0" ind2="0" tag="245">
      <marc:subfield code="a">Leere Herzen</marc:subfield>
   </marc:datafield>
   <marc:datafield ind1=" " ind2="1" tag="264">
      <marc:subfield code="b">Luchterhand Literaturverl.</marc:subfield>
      <marc:subfield code="c">2017</marc:subfield>
   </marc:datafield>
   <marc:datafield ind1="1" ind2=" " tag="520">
      <marc:subfield code="a">Britta Söldner ist desillusionisiert und pragmatisch. Sie sieht die Dinge glasklar und hat den Zynismus der Politik genauso durchschaut wie das kleinbürgerliche Gutmenschentum, das die Welt keinen Deut besser macht.Wie ihr Geschäftspartner Babak hat sie den Glauben an eine bessere Zukunft verloren-und sie hat nicht die geringste Lust, deswegen Schuldgefühle zu haben. Bis Brittas Welt in ihren Grundfesten erschüttert wird.</marc:subfield>
   </marc:datafield>
   <marc:datafield ind1=" " ind2=" " tag="020">
      <marc:subfield code="a">9783630875231</marc:subfield>
      <marc:subfield code="9">9783630875231</marc:subfield>
   </marc:datafield>
</marc:record>
